1599 1004 1302 1181 1681 1245 1153 1167 1439 1745 1351 1071 1367 1096 1478 1357 1057 1401 1332 1689 1759 1141 1576 1806 1638 1714 1690 1900 1957 1588 1199 1512 1308 1618 1495 1653 1240 1166 1102 1831 1522 1729 1330 1268 1624 1722 1803 1080 1145 1750 1003 1895 1197 1060 1033 1039 1435 1766 1396 1052 1892 1843 1006 1804 1620 1793 1958 1869 1749 1455 1820 1336 1262 1020 1137 1677 1847 1722 1441 1006 1079 1686 1487 1192 1483 1017 1140 1557 1456 1060 1651 1621 1256 1351 1868 1760 1156 1985 1000 BCNSPRNW ULIB Ver.6.0+V

เปลี่ยนเป็นภาษาไทย

Change to English
 แสดงรายละเอียดบรรณานุกรม
  กลับหน้าหลัก

Brief Record : Get Marc (ISO 2709) : E-mail record : QR code < ปิดหน้าต่าง
LEADER : 00000nam 2200000uu 4500
001    13399121471
003     ULIB
008    121120s2550||||th 000 0 tha d
020    ^a9745159026
050 04 ^aTX725.T5^bอ677
100 0  ^aอัจฉรา พรเสถียรกุล
245 10 ^aอาหารต้านมะเร็ง /^cอัจฉรา พรเสถียรกุล
250    ^aพิมพ์ครั้งที่ 2
260    ^aนนทบุรี:^bโรงพิมพ์องค์การสงเคราะห์ทหารผ่านศึก,^c2550
300    ^a72หน้า :^bภาพประกอบ
650  7 ^aอาหารต้านมะเร็ง
650  7 ^aอาหารก่อมะเร็ง
945    ^p0^l0^i15518
995    ^aวิภา
999 ^a ใช้งานได้ทุกระบบ
รายการนี้ยังไม่มีแท็ก
คุณยังไม่ได้ล็อกอิน คุณสามารถมีกิจกรรมร่วมกับเว็บไซต์ได้ แต่ต้องล็อกอินก่อน ::
  ล็อกอิน

รายการสื่อสารสนเทศ

ลำดับที่ ประเภท เลขเรียก/บาร์โค้ด สถานที่ สถานะ
1. วิทยาศาสตร์การแพทย์ และสุขภาพ
วิทยาศาสตร์การแพทย์ และสุขภาพ
TX725.T5 อ677  
  Barcode: 15518
ห้องสมุดวิทยาเขตสวรรค์ประชารักษ์
►หนังสือทั่วไป
บนชั้น

รายการใกล้เคียง
    หัวเรื่อง [อาหารต้านมะเร็ง]
    หัวเรื่อง [อาหารก่อมะเร็ง]

BibComment


ยังไม่เคยถูกคอมเมนท์

คอมเมนท์ทรัพยากรรายการนี้
  คอมเมนท์: อาหารต้านมะเร็ง ..


 Copyright 2026. Bcnsprnw @Library